000 00403nam a2200145Ia 4500
008 100122s9999 xx 000 0 und d
082 _b43335
_a824
100 _aगुजराती जयंत
245 _aफुलोरा
260 _bसामुद्रि प्रकाशन
_c1985
300 _a127
630 _aफुलोरा
730 _aफुलोरा
942 _cBOOK
999 _c423427
_d423424